Tropical architecture (Record no. 10652)

000 -LEADER
fixed length control field 00274nam a2200121 4500
003 - CONTROL NUMBER IDENTIFIER
control field OSt
005 - DATE AND TIME OF LATEST TRANSACTION
control field 20220509130227.0
008 - FIXED-LENGTH DATA ELEMENTS--GENERAL INFORMATION
fixed length control field 220509b ||||| |||| 00| 0 eng d
082 ## - DEWEY DECIMAL CLASSIFICATION NUMBER
Classification number 721.0913
100 ## - MAIN ENTRY--PERSONAL NAME
Personal name Maxwell Fry Jane Drew
245 ## - TITLE STATEMENT
Title Tropical architecture
942 ## - ADDED ENTRY ELEMENTS (KOHA)
Source of classification or shelving scheme
Holdings
Withdrawn status Lost status Source of classification or shelving scheme Damaged status Koha normalized classification for sorting Not for loan Permanent location Current location Date acquired Full call number Barcode Date last seen Price effective from Non-public note Koha item type Public note
        721_091300000000000   BMS College of Architecture, Design and Planning BMS College of Architecture, Design and Planning 2022-05-09 721.0913 AR-DB334 2022-05-09 2022-05-09 Donated by Raja Subramanyam, Architect and Engineer , VV Puram, Benagaluru Donated Book Donated by Raja Subramanyam, Architect and Engineer , VV Puram, Bengaluru
Copyright © 2025, The Librarian, Library and Information Centre, BMSCA D&P, Bengaluru. All Rights Reserved
web counter

Powered by Koha